[Event "XIII Konik Morski Rewala - Open B"]
[Site "Rewal"]
[Date "2008.08.20"]
[Round "2"]
[White "Kuciapa, Andre"]
[Black "Kumor, Lukasz"]
[Result "0-1"]
[WhiteElo "1887"]
[BlackElo "2064"]
[PlyCount "57"]
[EventDate "2008.??.??"]

1. e4 e6 2. d4 d5 3. exd5 exd5 4. c4 c6 5. Nf3 Nf6 6. Nc3 Be7 7. Bd3 O-O 8. O-O
Bg4 9. Qb3 dxc4 10. Bxc4 Bxf3 11. gxf3 b5 12. Bd3 Qxd4 13. Qc2 Nbd7 14. Ne4 Nd5
15. Ng3 g6 16. Ne2 Qf6 17. Be4 Nb4 18. Qc3 Qxc3 19. bxc3 Nd5 20. Bxd5 cxd5 21.
Nd4 a6 22. Re1 Bf6 23. Be3 Rfc8 24. Rac1 Rc4 25. Rc2 b4 26. Rb1 Nb6 27. cxb4
Bxd4 28. Bxd4 Rxd4 29. Rc7 0-1

[Event "XIII Konik Morski Rewala - Open B"]
[Site "Rewal"]
[Date "2008.08.20"]
[Round "2"]
[White "Chojnacka, Magdalena"]
[Black "Czarnecki, Wojciech"]
[Result "0-1"]
[WhiteElo "1876"]
[BlackElo "2056"]
[PlyCount "114"]
[EventDate "2008.??.??"]

1. e4 c6 2. d4 d5 3. exd5 cxd5 4. c4 Nf6 5. Nc3 Nc6 6. Be3 g6 7. h3 Bg7 8. Nf3
O-O 9. Be2 b6 10. O-O Bb7 11. Qd2 Ne4 12. Qd1 Nxc3 13. bxc3 Rc8 14. cxd5 Qxd5
15. Qd2 Rfd8 16. Rac1 Na5 17. Bh6 Bf6 18. Rfe1 Nc4 19. Bxc4 Rxc4 20. Bg5 Bxg5
21. Qxg5 Qxg5 22. Nxg5 e6 23. Ne4 Bxe4 24. Rxe4 Rdc8 25. Re3 Rxd4 26. cxd4
Rxc1+ 27. Kh2 Rc2 28. Ra3 a5 29. Kg3 Rd2 30. Ra4 Kf8 31. Kf3 Ke7 32. Ke3 Rb2
33. g3 Kd6 34. Ra3 Kd5 35. f3 Rb4 36. Rc3 Rc4 37. Rb3 Kc6 38. Ke4 f6 39. Kd3 b5
40. a3 e5 41. dxe5 fxe5 42. Rb2 Ra4 43. Rb3 Kc5 44. Rc3+ Rc4 45. Rb3 Rd4+ 46.
Kc2 b4 47. axb4+ axb4 48. Re3 Kd5 49. Kb3 g5 50. Ka4 h5 51. Kb5 h4 52. g4 e4
53. fxe4+ Rxe4 54. Rf3 Rf4 55. Rb3 Ke4 56. Kc5 Rf3 57. Rxb4+ Ke5 0-1

[Event "XIII Konik Morski Rewala - Open B"]
[Site "Rewal"]
[Date "2008.08.20"]
[Round "2"]
[White "Czernicki, Bogdan"]
[Black "Glatty, Zbigniew"]
[Result "1-0"]
[WhiteElo "2032"]
[BlackElo "1903"]
[PlyCount "95"]
[EventDate "2008.??.??"]

1. d4 Nf6 2. Nf3 g6 3. Bg5 Bg7 4. Nbd2 d6 5. c3 O-O 6. e4 Re8 7. Bd3 c5 8. O-O
a6 9. a4 b6 10. Re1 e5 11. dxc5 dxc5 12. Bc4 Qc7 13. Qc2 Nbd7 14. Nf1 Bb7 15.
N3d2 Qc6 16. Qb3 Rf8 17. f3 Rab8 18. Ne3 h6 19. Bh4 Qc8 20. Rad1 Bc6 21. Nd5
Bxd5 22. Bxd5 Nxd5 23. Qxd5 b5 24. axb5 axb5 25. Nb3 Rb7 26. Be7 Re8 27. Bxc5
Nb6 28. Bxb6 Rxb6 29. Qd7 Qa8 30. Ra1 Qd8 31. Red1 Qxd7 32. Rxd7 Reb8 33. Raa7
Bf8 34. Rxf7 b4 35. c4 Rd6 36. Rfd7 Rd8 37. Rxd8 Rxd8 38. Kf1 Rc8 39. Na5 Bc5
40. Ra6 Kf7 41. b3 Bd4 42. Nc6 Bc3 43. Rb6 Ra8 44. Rb7+ Kf6 45. Nxb4 Bd4 46.
Nd5+ Kg5 47. g3 Ra2 48. h4+ 1-0

[Event "XIII Konik Morski Rewala - Open B"]
[Site "Rewal"]
[Date "2008.08.20"]
[Round "2"]
[White "Grochulski, Grzegorz"]
[Black "Pienkos, Slawomir"]
[Result "1/2-1/2"]
[WhiteElo "1856"]
[BlackElo "2026"]
[PlyCount "148"]
[EventDate "2008.??.??"]

1. e4 g6 2. d4 Bg7 3. f4 d6 4. Nf3 Nf6 5. Nc3 c6 6. Bd3 Nbd7 7. e5 Nd5 8. Ne4
dxe5 9. dxe5 O-O 10. Bd2 b5 11. c3 Qb6 12. h4 Nc5 13. Nxc5 Qxc5 14. h5 Bg4 15.
h6 Bh8 16. Rh4 f5 17. Qe2 Rad8 18. O-O-O e6 19. Rxg4 fxg4 20. Ng5 Rde8 21. Qxg4
Ne3 22. Nxe6 Nxg4 23. Nxc5 Nxh6 24. Be4 Rc8 25. g3 Ng4 26. Bc2 Kf7 27. Bb3+ Ke7
28. Be6 Nf2 29. Bxc8 Nxd1 30. Bd7 Nf2 31. Kc2 Ne4 32. Be3 Nxg3 33. Bxc6 g5 34.
Nd3 Rc8 35. Bxb5 Nf5 36. Bc5+ Rxc5 37. Nxc5 gxf4 38. Nd3 Ke6 39. Nxf4+ Kxe5 40.
Nh5 h6 41. Kd3 Nd6 42. Bd7 Ne4 43. Ke3 Nc5 44. Bc6 Kd6 45. Bb5 Be5 46. Nf4 Bg7
47. Nh5 Be5 48. Nf4 Bg7 49. Kf3 a6 50. Be8 Ke7 51. Bh5 Kd6 52. Be8 Ke7 53. Bg6
Kd6 54. Bc2 Bf6 55. Kg4 Bg5 56. Ne2 Nd7 57. Ng3 Bc1 58. b3 Ke5 59. Kh5 Bd2 60.
c4 Nf6+ 61. Kg6 Ng4 62. Nf5 h5 63. Kxh5 Ne3 64. Nh4 Nxc2 65. Nf3+ Ke4 66. Nxd2+
Kd3 67. c5 Nb4 68. Nc4 Kd4 69. Na5 Kxc5 70. a3 Nc2 71. Nc4 Nd4 72. Nd2 Nc2 73.
Nb1 Nxa3 74. Nd2 Kb4 1/2-1/2

[Event "XIII Konik Morski Rewala - Open B"]
[Site "Rewal"]
[Date "2008.08.20"]
[Round "2"]
[White "Sokolowski, Krzysztof"]
[Black "Gasiorek, Dariusz"]
[Result "0-1"]
[WhiteElo "2021"]
[BlackElo "1876"]
[PlyCount "101"]
[EventDate "2008.??.??"]

1. e4 c6 2. d4 d5 3. Nc3 dxe4 4. Nxe4 Bf5 5. Ng3 Bg6 6. Nf3 Nd7 7. h4 h6 8. h5
Bh7 9. Bd3 Bxd3 10. Qxd3 Qc7 11. Bd2 e6 12. O-O-O Ngf6 13. Kb1 O-O-O 14. Qe2
Bd6 15. Ne4 Nxe4 16. Qxe4 Nf6 17. Qe2 Nd5 18. g3 c5 19. dxc5 Bxc5 20. c4 Nb4
21. Bc3 Rhg8 22. a3 Nc6 23. Rxd8+ Qxd8 24. b4 Be7 25. Rd1 Qb6 26. Qb2 Rd8 27.
Re1 Rd3 28. Ne5 Nxe5 29. Bxe5 f6 30. Bf4 e5 31. Be3 Qa6 32. Ka2 Qxc4+ 33. Ka1
Rc3 34. Rc1 Rxc1+ 35. Bxc1 f5 36. Kb1 Bf6 37. Qc2 Qxc2+ 38. Kxc2 b5 39. f3 Kd7
40. Kd3 Kd6 41. Be3 a6 42. Bc5+ Kd5 43. Bf8 e4+ 44. Ke3 Bd4+ 45. Ke2 Be5 46. g4
fxg4 47. fxg4 Bd4 48. Be7 Kc4 49. g5 hxg5 50. Bxg5 Kb3 51. Bf4 0-1

[Event "XIII Konik Morski Rewala - Open B"]
[Site "Rewal"]
[Date "2008.08.20"]
[Round "2"]
[White "Gluszko, Monika"]
[Black "Markiewicz, Mateusz"]
[Result "1/2-1/2"]
[WhiteElo "1848"]
[BlackElo "2013"]
[PlyCount "115"]
[EventDate "2008.??.??"]

1. e4 c5 2. Nf3 Nc6 3. Nc3 d6 4. d4 cxd4 5. Nxd4 e5 6. Ndb5 a6 7. Na3 b5 8. Nd5
Nf6 9. Bg5 Be6 10. Bxf6 gxf6 11. c3 Bg7 12. Nc2 f5 13. exf5 Bxf5 14. a4 Rb8 15.
axb5 Bxc2 16. Qxc2 axb5 17. Bd3 Ne7 18. Nxe7 Qxe7 19. Be4 d5 20. Bxd5 O-O 21.
Be4 h6 22. O-O Rfd8 23. Rfd1 Qc5 24. Rxd8+ Rxd8 25. Rd1 Rxd1+ 26. Qxd1 b4 27.
cxb4 Qxb4 28. Qe2 Bf8 29. g3 Bc5 30. Bd5 Bd4 31. Qf3 Qe7 32. b4 Kf8 33. b5 f6
34. Kg2 Qd6 35. Bc6 Qe6 36. Qh5 f5 37. Qh4 Bb6 38. Qb4+ Kg7 39. Qd2 Bd4 40. Qa5
Qd6 41. Qa8 Bc5 42. Bd5 Qd7 43. Qc6 Qxc6 44. bxc6 Bb6 45. Be6 Kf6 46. Bd7 e4
47. g4 fxg4 48. Bxg4 Kg5 49. h3 h5 50. Bd7 h4 51. Kf1 Kf4 52. Ke2 Ba5 53. Bg4
Ke5 54. f3 exf3+ 55. Kxf3 Kd6 56. Bd7 Be1 57. Ke4 Kc7 58. Kd5 1/2-1/2

[Event "XIII Konik Morski Rewala - Open B"]
[Site "Rewal"]
[Date "2008.08.20"]
[Round "2"]
[White "Solnicki, Michal"]
[Black "Sujkowski, Pawel"]
[Result "1/2-1/2"]
[WhiteElo "2010"]
[BlackElo "1850"]
[PlyCount "108"]
[EventDate "2008.??.??"]

1. d4 Nf6 2. c4 g6 3. Nc3 d5 4. cxd5 Nxd5 5. g3 Bg7 6. Bg2 c6 7. Nf3 O-O 8. O-O
Qa5 9. Bd2 Nxc3 10. Bxc3 Qh5 11. Qb3 Nd7 12. e4 Nf6 13. Rfe1 Rb8 14. Ne5 Ng4
15. Nxg4 Bxg4 16. Qa3 e5 17. Qxa7 Ra8 18. Qb6 exd4 19. Bxd4 Bxd4 20. Qxd4 Rfd8
21. Qc3 Ra4 22. b4 Qg5 23. h3 Be6 24. h4 Qd2 25. Qf6 Rxa2 26. h5 Rxa1 27. Rxa1
Qd4 28. Qxd4 Rxd4 29. Rb1 Bc4 30. Bf3 Kg7 31. Rd1 Rxd1+ 32. Bxd1 Kf6 33. f4 Ke6
34. Kf2 Kd6 35. Ke3 f6 36. Kd4 Be6 37. Bc2 f5 38. e5+ Kc7 39. g4 fxg4 40. hxg6
hxg6 41. Bxg6 g3 42. Ke3 Bd5 43. Bf5 Kd8 44. Bh3 Ke7 45. f5 b6 46. Bg4 c5 47.
bxc5 bxc5 48. Bd1 c4 49. Bc2 Kf7 50. Ke2 Kg7 51. Ke3 Kf7 52. Bd1 Ke7 53. Be2
Kf7 54. Bd1 Ke7 1/2-1/2

[Event "XIII Konik Morski Rewala - Open B"]
[Site "Rewal"]
[Date "2008.08.20"]
[Round "2"]
[White "Wojtaszewski, Piotr"]
[Black "Major, Boguslaw"]
[Result "1-0"]
[WhiteElo "1998"]
[BlackElo "1845"]
[PlyCount "65"]
[EventDate "2008.??.??"]

1. e4 d6 2. d4 Nf6 3. Nc3 g6 4. f3 c6 5. Be3 Nbd7 6. Qd2 b5 7. O-O-O Qa5 8. Kb1
Rb8 9. g4 Nb6 10. Nd5 Qa4 11. b3 Qa3 12. Qb4 Qxb4 13. Nxb4 Bb7 14. d5 cxd5 15.
Bxb5+ Kd8 16. Bxb6+ axb6 17. exd5 h5 18. g5 Nd7 19. Ne2 Ne5 20. Nd4 Kc7 21. h3
Rh7 22. Rhe1 h4 23. f4 Nd7 24. Bc6 Nc5 25. Re2 Bc8 26. Re3 e6 27. Nb5+ Kd8 28.
c4 Be7 29. dxe6 Bxe6 30. Bd5 Bf5+ 31. Kb2 Bd7 32. Na7 Rc8 33. Nxc8 1-0

[Event "XIII Konik Morski Rewala - Open B"]
[Site "Rewal"]
[Date "2008.08.20"]
[Round "2"]
[White "Kulas, Szymon"]
[Black "Witek, Pawel"]
[Result "1/2-1/2"]
[WhiteElo "1845"]
[BlackElo "1998"]
[PlyCount "92"]
[EventDate "2008.??.??"]

1. e4 c6 2. d4 d5 3. Nc3 dxe4 4. Nxe4 Bf5 5. Ng3 Bg6 6. h4 h6 7. Nf3 Nd7 8. h5
Bh7 9. Bd3 Bxd3 10. Qxd3 e6 11. Bd2 Qc7 12. O-O-O Ngf6 13. Ne4 Be7 14. g3 b5
15. Bf4 Qa5 16. Kb1 O-O 17. Ne5 Nxe4 18. Nxc6 Nxf2 19. Qf3 Qb6 20. Nxe7+ Kh8
21. Qxf2 Rae8 22. Bxh6 gxh6 23. Qe3 Kg7 24. g4 Rxe7 25. g5 e5 26. Rdg1 Qxd4 27.
gxh6+ Kh8 28. Qg5 f6 29. Qg6 e4 30. h7 Rxh7 31. h6 Rc8 32. Rg2 Qd6 33. Qxe4 Qc6
34. Qg6 Ne5 35. Qg3 Nf3 36. Rd1 Re8 37. a3 Qe4 38. Rf2 Nd4 39. Qc3 Rd7 40. Rxf6
Qe5 41. Rf2 a5 42. Rfd2 Red8 43. Qxa5 Qe4 44. Qb6 Qf4 45. Qg6 Rg8 46. Qb6 Rg4
1/2-1/2

[Event "XIII Konik Morski Rewala - Open B"]
[Site "Rewal"]
[Date "2008.08.20"]
[Round "2"]
[White "Hasinski, Krystian"]
[Black "Rosiak, Agata"]
[Result "1-0"]
[WhiteElo "1990"]
[BlackElo "1840"]
[PlyCount "45"]
[EventDate "2008.??.??"]

1. d4 Nf6 2. c4 d6 3. Nc3 g6 4. e4 Bg7 5. f4 O-O 6. Nf3 c5 7. d5 a6 8. Bd3 e6
9. O-O exd5 10. exd5 Re8 11. Qc2 Bd7 12. f5 Ng4 13. fxg6 hxg6 14. Ne4 Bf5 15.
Bg5 Qb6 16. h3 Bxe4 17. Bxe4 Nf6 18. Bxg6 fxg6 19. Bxf6 Nd7 20. Bxg7 Kxg7 21.
Rae1 Rxe1 22. Rxe1 Qd8 23. Qe4 1-0

[Event "XIII Konik Morski Rewala - Open B"]
[Site "Rewal"]
[Date "2008.08.20"]
[Round "2"]
[White "Laszewski, Kazimierz"]
[Black "Janicki, Jacek"]
[Result "1-0"]
[WhiteElo "1822"]
[BlackElo "1985"]
[PlyCount "47"]
[EventDate "2008.??.??"]

1. e4 c5 2. Nf3 a6 3. d4 cxd4 4. Nxd4 Nf6 5. Nc3 e5 6. Nf3 Bb4 7. Bd2 d6 8. Bd3
O-O 9. O-O h6 10. h3 Nbd7 11. a3 Bc5 12. Qe2 b5 13. b4 Ba7 14. a4 bxa4 15. Rxa4
Nb8 16. Rfa1 Bb7 17. b5 a5 18. Nd1 Bb6 19. Ne3 Bxe4 20. Bxe4 Nxe4 21. Rxe4 f5
22. Rea4 e4 23. Nd4 Qf6 24. Ndxf5 1-0

[Event "XIII Konik Morski Rewala - Open B"]
[Site "Rewal"]
[Date "2008.08.20"]
[Round "2"]
[White "Wasik, Piotr"]
[Black "Poswiatowski, Michal"]
[Result "0-1"]
[WhiteElo "1973"]
[BlackElo "1775"]
[PlyCount "72"]
[EventDate "2008.??.??"]

1. e4 c5 2. Nf3 d6 3. Bb5+ Nd7 4. O-O a6 5. Bxd7+ Bxd7 6. d4 cxd4 7. Nxd4 g6 8.
c4 Bg7 9. b3 Nf6 10. Nc3 O-O 11. Bb2 Qb8 12. a4 b6 13. Re1 Qb7 14. Nd5 Rfe8 15.
Qd2 Nxd5 16. cxd5 Rec8 17. Rec1 Rc5 18. Ne2 Bxb2 19. Qxb2 Rac8 20. Rc3 f5 21.
f3 fxe4 22. fxe4 Bg4 23. b4 Rc4 24. Rxc4 Rxc4 25. Nc3 Qc7 26. Ra3 Rd4 27. h3
Bd7 28. Kh2 Qc4 29. b5 a5 30. Ra1 Rd3 31. Rc1 Qd4 32. Rc2 Qe3 33. Qc1 Qg3+ 34.
Kh1 Bxh3 35. gxh3 Qxh3+ 36. Rh2 Rxc3 0-1

[Event "XIII Konik Morski Rewala - Open B"]
[Site "Rewal"]
[Date "2008.08.20"]
[Round "2"]
[White "Biszof, Henryk"]
[Black "Piotrowski, Arkadiusz"]
[Result "0-1"]
[WhiteElo "1728"]
[BlackElo "1955"]
[PlyCount "78"]
[EventDate "2008.??.??"]

1. e4 c6 2. d4 d5 3. exd5 cxd5 4. Nf3 Nc6 5. Bd3 Bg4 6. c3 e6 7. Bf4 Qb6 8. b3
Nf6 9. h3 Bxf3 10. Qxf3 Nxd4 11. cxd4 Qxd4 12. Bb5+ Kd8 13. O-O Qxa1 14. Nc3
Qb2 15. Be5 Be7 16. Qf4 Rc8 17. Ne4 Nh5 18. Qh2 Qc2 19. Nd6 Bxd6 20. Bxd6 a6
21. Ba3 Qc7 22. Bd6 Qa5 23. Be2 Nf6 24. Qg3 Rg8 25. Be5 Ke7 26. Bd6+ Kd7 27.
Bd3 Qc3 28. Be5 Qb4 29. Bb2 Qd6 30. Be5 Qa3 31. Kh2 Ke7 32. b4 Rc3 33. Bxc3
Qxc3 34. Be2 Qxg3+ 35. fxg3 Rc8 36. a4 Ne4 37. Bd3 f5 38. Rb1 Rc3 39. Rd1 Nf2
0-1

[Event "XIII Konik Morski Rewala - Open B"]
[Site "Rewal"]
[Date "2008.08.20"]
[Round "2"]
[White "Botor, Michal"]
[Black "Dubrawska, Greta"]
[Result "1-0"]
[WhiteElo "1948"]
[BlackElo "1568"]
[PlyCount "81"]
[EventDate "2008.??.??"]

1. e4 c6 2. d4 d5 3. f3 e6 4. Nc3 Bb4 5. e5 Nd7 6. f4 c5 7. a3 Ba5 8. Be3 cxd4
9. Bxd4 Ne7 10. Nf3 Nc6 11. Be3 a6 12. Qd2 Bb6 13. Be2 Bxe3 14. Qxe3 Qb6 15.
Qxb6 Nxb6 16. O-O-O Nd7 17. Na2 b5 18. Nb4 Nxb4 19. axb4 Bb7 20. b3 Rc8 21. Kb2
Nb6 22. Nd4 O-O 23. Bd3 g6 24. g4 Rfe8 25. Rde1 Nd7 26. Rhf1 Nb8 27. f5 exf5
28. gxf5 Nc6 29. Nxc6 Rxc6 30. e6 fxe6 31. fxg6 hxg6 32. Bxg6 Re7 33. Rg1 Kh8
34. Re3 Rg7 35. Rh3+ Kg8 36. Rhg3 Rcc7 37. h4 Rce7 38. h5 Kh8 39. h6 Rg8 40. h7
Rd8 41. Bf7 1-0

[Event "XIII Konik Morski Rewala - Open B"]
[Site "Rewal"]
[Date "2008.08.20"]
[Round "2"]
[White "Gora, Jan"]
[Black "Trepkowski, Piotr"]
[Result "0-1"]
[WhiteElo "1678"]
[BlackElo "1932"]
[PlyCount "34"]
[EventDate "2008.??.??"]

1. e4 e5 2. Nf3 Nc6 3. d4 exd4 4. Nxd4 Bc5 5. Be3 Qf6 6. Nb5 Bxe3 7. fxe3 Qh4+
8. g3 Qd8 9. Qg4 Nf6 10. Nxc7+ Qxc7 11. Qxg7 Nb4 12. Qxh8+ Ke7 13. Bd3 Nxd3+
14. Kd2 Ne5 15. Nc3 Nc4+ 16. Ke2 Qc5 17. Nd1 d6 0-1

[Event "XIII Konik Morski Rewala - Open B"]
[Site "Rewal"]
[Date "2008.08.20"]
[Round "2"]
[White "Major, Katarzyna"]
[Black "Czaja, Roman"]
[Result "0-1"]
[WhiteElo "1768"]
[BlackElo "2115"]
[PlyCount "118"]
[EventDate "2008.??.??"]

1. d4 Nf6 2. Bg5 e6 3. c4 d5 4. Nc3 Nbd7 5. Nf3 c6 6. e3 Qa5 7. Bxf6 Nxf6 8.
Qb3 Ne4 9. cxd5 exd5 10. Bd3 Bd6 11. O-O f5 12. Rac1 Qd8 13. Rfd1 Qe7 14. Rc2
O-O 15. Ne2 Be6 16. Ng3 Kh8 17. a4 Rae8 18. a5 a6 19. Rdc1 Bc8 20. Ne2 Bc7 21.
Qa4 Nxf2 22. Kxf2 Qxe3+ 23. Kf1 Qxd3 24. Rd2 Qb5 25. Qxb5 axb5 26. a6 Bd7 27.
axb7 Rb8 28. Rdc2 Rxb7 29. Ne5 Bxe5 30. dxe5 Re8 31. Nd4 Rxe5 32. Nxc6 Bxc6 33.
Rxc6 h6 34. R6c5 b4 35. Rd1 Kh7 36. Rdxd5 Rxd5 37. Rxd5 Kg6 38. Ke2 Rc7 39. Kd3
b3 40. Ke3 Rc2 41. Rd1 f4+ 42. Kd3 Rc5 43. Kd4 Rc6 44. Ke4 Rc4+ 45. Kd3 Rc5 46.
Kd4 Rc7 47. Kd3 Rc6 48. Ke4 Kg5 49. Rd5+ Kg4 50. Rb5 Rc4+ 51. Ke5 Rc2 52. h3+
Kh4 53. Rxb3 g5 54. Rb6 h5 55. b4 Rxg2 56. b5 Rb2 57. Rb8 f3 58. Ke4 g4 59.
hxg4 hxg4 0-1

[Event "XIII Konik Morski Rewala - Open B"]
[Site "Rewal"]
[Date "2008.08.20"]
[Round "2"]
[White "Plicner, Adam"]
[Black "Malec, Sebastian"]
[Result "1-0"]
[WhiteElo "2060"]
[BlackElo "1798"]
[PlyCount "87"]
[EventDate "2008.??.??"]

1. c4 e5 2. Nc3 Nf6 3. g3 d5 4. cxd5 Nxd5 5. Bg2 Nb6 6. d3 Be7 7. a4 a5 8. Be3
Nc6 9. Bxb6 cxb6 10. Nf3 Be6 11. O-O O-O 12. Rc1 Qd7 13. Nd2 Bg5 14. h4 Bxd2
15. Qxd2 Nd4 16. Qe3 f6 17. Qe4 Nb3 18. Rcd1 Nc5 19. Qe3 Bb3 20. Rd2 Bxa4 21.
d4 Nb3 22. Bd5+ Kh8 23. Bxb3 Bxb3 24. dxe5 Qf7 25. exf6 gxf6 26. Qxb6 Ra6 27.
Qd4 a4 28. Ne4 Rc6 29. Nc5 b6 30. Nxb3 Qxb3 31. Rd3 Qc4 32. Qe3 Qe6 33. Qd2 Re8
34. Rd8 Rc8 35. Rd7 Re7 36. Rxe7 Qxe7 37. Rd1 b5 38. Qd3 Rb8 39. Qf5 Rb7 40.
Qc8+ Kg7 41. Rd8 Rc7 42. Qg4+ Kh6 43. Rd5 Qf7 44. Rxb5 1-0

[Event "XIII Konik Morski Rewala - Open B"]
[Site "Rewal"]
[Date "2008.08.20"]
[Round "2"]
[White "Misztal, Piotr"]
[Black "Szewczyk, Janusz"]
[Result "1-0"]
[WhiteElo "1806"]
[BlackElo "2048"]
[PlyCount "75"]
[EventDate "2008.??.??"]

1. e4 e5 2. Nf3 Nc6 3. Bb5 a6 4. Ba4 b5 5. Bb3 Nf6 6. O-O Be7 7. Re1 O-O 8. c3
d6 9. h3 Na5 10. Bc2 c5 11. d4 cxd4 12. cxd4 Qc7 13. d5 Bd7 14. Nbd2 Rac8 15.
Bb1 Ne8 16. Nf1 g6 17. g4 Ng7 18. Bh6 f6 19. Ng3 Rf7 20. Nh2 Bd8 21. Bd3 Qa7
22. Qe2 Bb6 23. Rac1 Bd4 24. Nf3 Bb6 25. Nh2 Kh8 26. b3 Rg8 27. Kf1 f5 28. gxf5
gxf5 29. Bxg7+ Rfxg7 30. exf5 Bxf2 31. Qxf2 Qxf2+ 32. Kxf2 Rxg3 33. Nf3 Rg2+
34. Ke3 Rxa2 35. Rc7 Be8 36. f6 Bg6 37. Ng5 Rg2 38. Bxg6 1-0

[Event "XIII Konik Morski Rewala - Open B"]
[Site "Rewal"]
[Date "2008.08.20"]
[Round "2"]
[White "Turcheniac, Mariya"]
[Black "Zadlo, Anna"]
[Result "1/2-1/2"]
[WhiteElo "2024"]
[BlackElo "1785"]
[PlyCount "60"]
[EventDate "2008.??.??"]

1. e4 c5 2. Nf3 e6 3. a3 a6 4. d4 cxd4 5. Nxd4 Qb6 6. Nb3 Qc7 7. Nc3 Nf6 8. f4
d6 9. Be3 Nbd7 10. Be2 b6 11. Bf3 Bb7 12. Qe2 Be7 13. g4 Nc5 14. Qg2 Nfd7 15.
g5 b5 16. h4 O-O-O 17. Nd2 Nb6 18. Nd1 d5 19. e5 g6 20. Bd4 Kb8 21. Ne3 Nca4
22. b4 Nc4 23. Nexc4 dxc4 24. c3 h6 25. O-O-O h5 26. Rh2 Kc8 27. Qg1 Bxf3 28.
Nxf3 Rd5 29. Rhd2 Rhd8 30. Nh2 Qc6 1/2-1/2

[Event "XIII Konik Morski Rewala - Open B"]
[Site "Rewal"]
[Date "2008.08.20"]
[Round "2"]
[White "Wasik, Jozef"]
[Black "Krzysztofiak, Zdzislaw"]
[Result "1-0"]
[WhiteElo "1881"]
[BlackElo "1734"]
[PlyCount "97"]
[EventDate "2008.??.??"]

1. d4 Nf6 2. Nf3 d5 3. c4 e6 4. g3 c5 5. Bg2 Nc6 6. O-O Be7 7. Nc3 O-O 8. cxd5
exd5 9. dxc5 Bxc5 10. Bg5 Be7 11. Qd2 Ne4 12. Bxe7 Nxe7 13. Qd4 f5 14. Rac1 Be6
15. Rfd1 Nc6 16. Qa4 Qb6 17. e3 Qxb2 18. Nxe4 fxe4 19. Rc2 Qf6 20. Nd4 Bg4 21.
Rb1 Ne5 22. Qb5 Qf7 23. Qxb7 Qxb7 24. Rxb7 Rfb8 25. Rcc7 Rxb7 26. Rxb7 Rc8 27.
h3 Bh5 28. Rxa7 Bf7 29. h4 Kf8 30. Bh3 Rc1+ 31. Kg2 Nc6 32. Rc7 Be8 33. Ne6+
Kg8 34. Nxg7 Bf7 35. Nf5 Bh5 36. g4 Be8 37. Ne7+ Kf8 38. Nxd5 Ra1 39. Nf6 Ne7
40. g5 Bb5 41. Be6 Be2 42. Nxh7+ Ke8 43. Nf6+ Kf8 44. Nxe4 Ng6 45. h5 Ne5 46.
g6 Bf3+ 47. Kg3 Rg1+ 48. Kf4 Rg4+ 49. Bxg4 1-0

[Event "XIII Konik Morski Rewala - Open B"]
[Site "Rewal"]
[Date "2008.08.20"]
[Round "2"]
[White "Statucki, Maciej"]
[Black "Zawada, Jozef"]
[Result "1-0"]
[WhiteElo "1568"]
[BlackElo "1878"]
[PlyCount "91"]
[EventDate "2008.??.??"]

1. e4 d6 2. d4 Nf6 3. Nc3 g6 4. f3 c6 5. Be3 b5 6. Bd3 Bg7 7. Qd2 b4 8. Nce2 a5
9. g4 e5 10. Nh3 exd4 11. Nxd4 Bd7 12. O-O-O Na6 13. Bc4 Nc7 14. Rhe1 O-O 15.
Bh6 d5 16. Bxg7 Kxg7 17. exd5 Nfxd5 18. Nf4 Qf6 19. Bxd5 Nxd5 20. Nxd5 cxd5 21.
g5 Qb6 22. Re7 Qd6 23. Rde1 Rae8 24. Qe3 Rxe7 25. Qxe7 Qf4+ 26. Qe3 Qxe3+ 27.
Rxe3 Rd8 28. Re5 Be8 29. f4 Kf8 30. Kd2 Rd6 31. Kd3 Bd7 32. Nb3 Be6 33. Kd4 Rc6
34. Re2 Rc4+ 35. Ke5 a4 36. Nd4 Ke7 37. f5 gxf5 38. Nxf5+ Bxf5 39. Kxd5+ Re4
40. Rxe4+ Bxe4+ 41. Kxe4 Ke6 42. a3 bxa3 43. bxa3 f6 44. gxf6 Kxf6 45. Kd5 Ke7
46. Kc6 1-0

[Event "XIII Konik Morski Rewala - Open B"]
[Site "Rewal"]
[Date "2008.08.20"]
[Round "2"]
[White "Wieclawska, Katarzyna"]
[Black "Giemza, Joanna"]
[Result "1/2-1/2"]
[WhiteElo "1555"]
[BlackElo "2024"]
[PlyCount "106"]
[EventDate "2008.??.??"]

1. d4 d5 2. c4 e6 3. Nc3 c6 4. Nf3 Nf6 5. Bg5 Nbd7 6. cxd5 exd5 7. e3 Be7 8.
Bd3 O-O 9. O-O Re8 10. Rc1 Nf8 11. Qc2 Bg4 12. Be2 Ng6 13. h3 Bxf3 14. Bxf3 h6
15. Bxf6 Bxf6 16. Rfd1 Nh4 17. Qe2 Be7 18. e4 Bg5 19. Rc2 Kh8 20. Qd3 dxe4 21.
Nxe4 Kg8 22. Nxg5 Qxg5 23. Rc5 Qf6 24. Bg4 Rad8 25. g3 Ng6 26. Rf5 Qd6 27. Bh5
Re7 28. Bxg6 Qxg6 29. Rf3 Qh5 30. Kh2 Red7 31. Qc3 c5 32. Rfd3 cxd4 33. Rxd4
Qxd1 34. Rxd1 Rxd1 35. Qc7 R8d2 36. Qc8+ Kh7 37. Qf5+ Kg8 38. Qc8+ Rd8 39. Qxb7
R1d7 40. Qb4 Rd2 41. Kg2 g6 42. a4 R8d7 43. Qb8+ Kh7 44. Qb5 R7d5 45. Qe8 Rf5
46. Qe3 Rxb2 47. Qxa7 Ra2 48. g4 Rf4 49. a5 Kg7 50. Qc5 Rfa4 51. Qe5+ Kg8 52.
Qe8+ Kg7 53. Qe5+ Kg8 1/2-1/2

[Event "XIII Konik Morski Rewala - Open B"]
[Site "Rewal"]
[Date "2008.08.20"]
[Round "2"]
[White "Ni, Polina"]
[Black "Sokolowski, Jakub"]
[Result "1-0"]
[WhiteElo "1925"]
[BlackElo "1619"]
[PlyCount "55"]
[EventDate "2008.??.??"]

1. e4 c5 2. Nf3 d6 3. d4 cxd4 4. Nxd4 Nf6 5. Nc3 a6 6. Bc4 e6 7. Be3 b5 8. Bd3
Bb7 9. f3 Qc7 10. Qd2 d5 11. exd5 Nxd5 12. Nxd5 Bxd5 13. O-O Bd6 14. f4 Nc6 15.
Bxb5 axb5 16. Nxb5 Qb8 17. Nxd6+ Qxd6 18. c4 O-O 19. cxd5 Qxd5 20. Qxd5 exd5
21. Rfd1 Ra5 22. a3 Re8 23. Bf2 Rd8 24. Bb6 Raa8 25. Bxd8 Rxd8 26. Rac1 Ne7 27.
Rc7 Nf5 28. Rxd5 1-0

[Event "XIII Konik Morski Rewala - Open B"]
[Site "Rewal"]
[Date "2008.08.21"]
[Round "3"]
[White "Kumor, Lukasz"]
[Black "Botor, Michal"]
[Result "1-0"]
[WhiteElo "2064"]
[BlackElo "1948"]
[PlyCount "119"]
[EventDate "2008.??.??"]

1. e4 c5 2. f4 e6 3. Nf3 Nc6 4. Nc3 d5 5. e5 a6 6. d3 Nge7 7. g3 g6 8. Bg2 b5
9. O-O Qb6 10. g4 Bg7 11. Ne2 c4+ 12. d4 Bd7 13. Be3 b4 14. Ng3 a5 15. Qd2 a4
16. Nh4 Bh6 17. a3 b3 18. c3 O-O-O 19. f5 Bxe3+ 20. Qxe3 Kb8 21. Kh1 Rdg8 22.
Bh3 Nd8 23. Rf2 exf5 24. gxf5 g5 25. Nf3 g4 26. Qf4 Bxf5 27. Nxf5 Ne6 28. Qd2
Nxf5 29. Ng1 Rg5 30. Bxg4 Ng3+ 31. hxg3 Rxg4 32. Ne2 Ng5 33. Rf6 Qc7 34. Rf4
Ne4 35. Qe3 Rg6 36. Raf1 Qd7 37. Kg2 Rh6 38. Ng1 Rg6 39. Rxf7 Qc8 40. Ne2 Rhg8
41. R7f3 h5 42. Rh1 Qg4 43. Rf4 Qg5 44. Rh3 h4 45. Rhxh4 Qe7 46. Qf3 Ng5 47.
Qxd5 Ne6 48. Qb5+ Kc8 49. Qxc4+ Kd8 50. d5 Nxf4+ 51. Qxf4 Qd7 52. c4 Rg4 53.
Rxg4 Rxg4 54. Qf8+ Qe8 55. Qxe8+ Kxe8 56. Nf4 Rg5 57. e6 Re5 58. Kf3 Re1 59. d6
Rf1+ 60. Ke3 1-0

[Event "XIII Konik Morski Rewala - Open B"]
[Site "Rewal"]
[Date "2008.08.21"]
[Round "3"]
[White "Czarnecki, Wojciech"]
[Black "Laszewski, Kazimierz"]
[Result "1-0"]
[WhiteElo "2056"]
[BlackElo "1822"]
[PlyCount "83"]
[EventDate "2008.??.??"]

1. c4 e5 2. g3 Nf6 3. Bg2 Bc5 4. Nc3 O-O 5. Nf3 d6 6. O-O Nc6 7. d3 Rb8 8. a3
a6 9. b4 Bd4 10. Nxd4 Nxd4 11. e3 Ne6 12. a4 Bd7 13. Ba3 c6 14. b5 c5 15. f4
exf4 16. gxf4 Re8 17. f5 Nf8 18. Qf3 h6 19. Rae1 N8h7 20. Bc1 Bc8 21. Qg3 Nh5
22. Qf2 N5f6 23. e4 Nd7 24. Qg3 Kh8 25. Nd5 Ne5 26. Bf4 Nf6 27. Nxf6 Qxf6 28.
Qe3 Ng4 29. Qg3 Qd4+ 30. Kh1 Bxf5 31. Bxd6 Rbd8 32. Bc7 Be6 33. Bxd8 Rxd8 34.
Bh3 h5 35. Bxg4 hxg4 36. Rd1 axb5 37. axb5 Rd7 38. Qg1 Qe5 39. Qf2 b6 40. Ra1
g6 41. Qh4+ Qh5 42. Qf6+ 1-0

[Event "XIII Konik Morski Rewala - Open B"]
[Site "Rewal"]
[Date "2008.08.21"]
[Round "3"]
[White "Piotrowski, Arkadiusz"]
[Black "Czernicki, Bogdan"]
[Result "1/2-1/2"]
[WhiteElo "1955"]
[BlackElo "2032"]
[PlyCount "54"]
[EventDate "2008.??.??"]

1. d4 Nf6 2. Nf3 g6 3. Nc3 d5 4. Bg5 Bg7 5. e3 c6 6. Ne5 Bf5 7. Bd3 Ne4 8. Bxe4
Bxe4 9. Nxe4 dxe4 10. Bf4 Nd7 11. Nxd7 Qxd7 12. O-O O-O 13. c3 Rfd8 14. Qe2
Rac8 15. Rfd1 Qf5 16. Bg3 h5 17. f4 Bf6 18. h4 Rd7 19. b4 a5 20. a3 e6 21. Rdb1
Ra8 22. c4 b6 23. Ra2 axb4 24. axb4 Rxa2 25. Qxa2 Qg4 26. Be1 Bxh4 27. Bxh4
Qxh4 1/2-1/2